000 00576nam a22002177a 4500
003 UA-OsUOA
001 38348
007 ta
008 20060504b un ||||| |||| 00| 0 ukr d
100 _aАксенова О.Н.
090 _a32
_bА11
942 _cSA
040 _aUA-OsUOA
_brus
_cUA-OsUOA
_dUA-OsUOA
245 _aОсобенности восприятия политической телеинформации молодежью
300 _a142-143 с.
955 _a0
041 _arus
080 _a32
773 0 _w38345
650 7 _a32 Політика
_2UDC
999 _c324515
_d324515